Hungarikumok a vendéglátásban

Bibliográfiai részletek
Szerző: Bayer Roland
További közreműködők: Lugasi Dr. Andrea
Dokumentumtípus: Diplomadolgozat
Kulcsszavak:Hungarikum
Hungarikum a vendégltásban
Hungarikum marketingje
Hungarikum törvény
Marketing
Online Access:http://dolgozattar.uni-bge.hu/2762

MARC

LEADER 00000nta a2200000 i 4500
001 dolg2762
005 20150919131548.0
008 150511suuuu hu om 000 hun d
040 |a BGE Dolgozattár Repozitórium  |b hun 
041 |a hu 
100 1 |a Bayer Roland 
245 1 0 |a Hungarikumok a vendéglátásban  |c Bayer Roland  |h [elektronikus dokumentum] 
695 |a Hungarikum 
695 |a Hungarikum a vendégltásban 
695 |a Hungarikum marketingje 
695 |a Hungarikum törvény 
695 |a Marketing 
700 1 |a Lugasi Dr. Andrea  |e ths 
856 4 0 |u http://dolgozattar.uni-bge.hu/2762/1/Bayer%20Roland%20Szakdolgozat.pdf  |z Dokumentum-elérés